Online
Catalog

Terrazo / (Record no. 18413)

MARC details
000 -CABECERA
campo de control de longitud fija 00926cam a2200241 a 4500
001 - NÚMERO DE CONTROL
campo de control 000018895
005 - FECHA Y HORA DE LA ÚLTIMA TRANSACCIÓN
campo de control 20200929165858.0
008 - DATOS DE LONGITUD FIJA--INFORMACIÓN GENERAL
campo de control de longitud fija 910520s1948 pr 000 0 spa d
040 ## - FUENTE DE LA CATALOGACIÓN
Centro catalogador/agencia de origen DO-SdBNP
Lengua de catalogación spa
Centro/agencia transcriptor LC
Centro/agencia modificador BNPHU
082 ## - NÚMERO DE LA CLASIFICACIÓN DECIMAL DEWEY
Número de clasificación PR863.44
Número de documento/Ítem D542t, 1948
049 ## - FONDOS LOCALES (OCLC)
Fondos de biblioteca BNGR
100 1# - ENTRADA PRINCIPAL--NOMBRE DE PERSONA
Nombre de persona Díaz Alfaro, Abelardo Milton,
Fechas asociadas al nombre 1919-1999
9 (RLIN) 40678
245 10 - MENCIÓN DE TÍTULO
Título Terrazo /
Mención de responsabilidad, etc. Abelardo Díaz Alfaro ; prólogo Mariano Picon Salas.
250 ## - MENCIÓN DE EDICIÓN
Mención de edición 7a ed.
260 ## - PUBLICACIÓN, DISTRIBUCIÓN, ETC.
Lugar de publicación, distribución, etc. [San Juan, Puerto Rico] :
Nombre del editor, distribuidor, etc. [s.n.],
Fecha de publicación, distribución, etc. 1948.
300 ## - DESCRIPCIÓN FÍSICA
Extensión 124 p. ; :
Otras características físicas 24 cm.
500 ## - NOTA GENERAL
Nota general Premiado por la Sociedad de Periodistas Universitarios y primer premio del Instituto de Literatura, 1947
600 14 - PUNTO DE ACCESO ADICIONAL DE MATERIA--NOMBRE DE PERSONA
Nombre de persona DÍAZ ALFARO, ABELARDO MILTON
Fechas asociadas al nombre 1919-1999
Subdivisión general CRÍTICA E INTERPRETACIÓN
9 (RLIN) 40679
650 #4 - PUNTO DE ACCESO ADICIONAL DE MATERIA--TÉRMINO DE MATERIA
Término de materia o nombre geográfico como elemento de entrada Literatura puertorriqueña
9 (RLIN) 250
650 #4 - PUNTO DE ACCESO ADICIONAL DE MATERIA--TÉRMINO DE MATERIA
Término de materia o nombre geográfico como elemento de entrada Cuentos puertorriqueño
9 (RLIN) 30234
700 1# - PUNTO DE ACCESO ADICIONAL--NOMBRE DE PERSONA
Nombre de persona Picon Salas, Mariano,
Término indicativo de función/relación pról.
9 (RLIN) 27923
910 ## - DATOS DE OPCIÓN DEL USUARIO (OCLC)
Datos de opción del usuario Catalogación derivada / LC
Holdings
Estado de retiro Estado de pérdida Restricciones de uso No para préstamo Código de colección Localización permanente Ubicación/localización actual Ubicación en estantería Fecha de adquisición Número de inventario Total de préstamos Signatura topográfica completa Código de barras Fecha visto por última vez Precio válido a partir de Tipo de ítem Koha
        Monografías: Libros y Folletos General General En catalogación 20.05.2010 LF1   PR863.44 D542t, 1948 18895-10 25.06.2020 25.06.2020 Préstamo en sala

Powered by Koha